Paroles - Babysolo33 - Balayette - Statistiques

Statistiques générales
  • Ce quiz a été pris 6 fois
  • Le résultat moyen est 105 sur 146
Statistiques - réponses
Réponse % Correct
a
100%
c'est
100%
de
100%
et
100%
grand
100%
Il
100%
il
100%
jour
100%
le
100%
mon
100%
plus
100%
adversaire
80%
anniversaire
80%
bon
80%
ça
80%
copain
80%
d'mon
80%
emotive
80%
faut
80%
fils
80%
je
80%
les
80%
l'oublier
80%
mais
80%
par
80%
pas
80%
peu
80%
pour
80%
pourquoi
80%
pute
80%
reste
80%
sens
80%
sûr
80%
un
80%
alors
60%
baby
60%
bah
60%
balayette
60%
bouche
60%
ch'veux
60%
crève
60%
d'cash
60%
d'coeur
60%
des
60%
deux
60%
d'kush
60%
donc
60%
enfouis
60%
fautive
60%
fois
60%
j'ai
60%
j'me
60%
j'oublie
60%
jours
60%
l'aime
60%
logique
60%
maint'nant
60%
m'blesse ?
60%
même
60%
m'fait
60%
motif
60%
oh
60%
ouais
60%
parce
60%
pied
60%
pleurer
60%
puis
60%
quand
60%
que
60%
qu'je
60%
sans
60%
sinon
60%
t'es
60%
tire
60%
toujours
60%
tous
60%
traumatismes
60%
très
60%
veut
60%
y'a
60%
j'sais
40%
l'année
40%
tout
40%
qu'y'ait
20%
Aucun quiz correspondant
Distribution des résultats
% des personnes avec chaque résultat
Percentile par nombre de réponses
Votre historique - résultats
Vous n’avez pas pris ce quiz